Introducción al sistema legal de los Estados Unidos (Registro nro. 7192)

Detalles MARC
000 -LEADER
fixed length control field 00993 a2200229 4500
001 - CONTROL NUMBER
control field 61062
005 - DATE AND TIME OF LATEST TRANSACTION
control field 20260407155901.0
008 - FIXED-LENGTH DATA ELEMENTS--GENERAL INFORMATION
fixed length control field 260407a1990 arg spa d
003 - CONTROL NUMBER IDENTIFIER
control field AR-UNSa-BCEJYS
040 ## - CATALOGING SOURCE
Original cataloging agency AR-UNSa-BCEJYS
Language of cataloging spa
Transcribing agency AR-UNSa-BCEJYS
080 ## - UNIVERSAL DECIMAL CLASSIFICATION NUMBER
Universal Decimal Classification number 340.3(73)
Common auxiliary subdivision Aplicación del derecho. Efectos jurídicos en los Estados Unidos
020 ## - INTERNATIONAL STANDARD BOOK NUMBER
International Standard Book Number 978-950-572-194-8
041 ## - LANGUAGE CODE
Language code of text/sound track or separate title spa
100 1# - MAIN ENTRY--PERSONAL NAME
Personal name Farnsworth, E. Allan
245 10 - TITLE STATEMENT
Title Introducción al sistema legal de los Estados Unidos
264 #1 - PRODUCTION, PUBLICATION, DISTRIBUTION, MANUFACTURE, AND COPYRIGHT NOTICE
Place of production, publication, distribution, manufacture Buenos Aires :
Name of producer, publisher, distributor, manufacturer Víctor P. de Zavalía
Date of production, publication, distribution, manufacture, or copyright notice 1990
300 ## - PHYSICAL DESCRIPTION
Extent 252 p.
Dimensions 23 cm.
505 ## - FORMATTED CONTENTS NOTE
Formatted contents note 1. Antecedentes históricos - 2. Enseñanza del derecho - 3. La profesión de abogado - 4. El sistema judicial - 5. Jurisprudencia - 6. El sistema legislativo - 7. Las leyes - 8. Fuentes de autoridad secundaria - 9. La clasificación - 10. Procedimientos - 11. Derecho privado - 12. Derecho público
590 ## - LOCAL NOTE (RLIN)
Local note niveau_biblio:m niveau_hierar:0
700 1# - ADDED ENTRY--PERSONAL NAME
Personal name Abeledo, Horacio
942 ## - ADDED ENTRY ELEMENTS (KOHA)
Koha item type
Existencias
Withdrawn status Lost status Damaged status Not for loan Home library Current library Shelving location Date acquired Total checkouts Full call number Barcode Date last seen Price effective from Koha item type
        Biblioteca Prof. Eusebio Cleto del Rey Biblioteca Prof. Eusebio Cleto del Rey   07/04/2026   340.3(73) F235 L58862 07/04/2026 07/04/2026 Libro